000 00590nam a22001817a 4500
999 _c171989
_d171989
005 20200124122507.0
010 _aA-645626
020 _c120.00
035 _aA-645626
037 _bBPPD/Pub.
082 _a954.02
245 _aاس گھر کو آگ لگ گی /
_cسلیم قریش اور سیدعاشور کاظمی
246 _aIss Ghar ko Aag Lag Gayi (Urdu) /
_bcompiled by Saleem Qureshi [and] Syed Aashor Qazmi
260 _aNew Delhi
_bAnjuman Taraqqi Urdu
_c1993 ء
270 _a-
_b-
_e-
300 _a242p.
_c22cm(Hb)
942 _2ddc
_cUR
_h954.02
_mا س گ